| 000 | 00739nam a22001817a 4500 | ||
|---|---|---|---|
| 003 | UA-OsUOA | ||
| 001 | 15311 | ||
| 007 | ta | ||
| 008 | 20031105b un ||||| |||| 00| 0 ukr d | ||
| 100 | _aПогонська В. | ||
| 942 | _cSA | ||
| 040 |
_aUA-OsUOA _cUA-OsUOA _dUA-OsUOA |
||
| 245 | _aРівнян оберігатиме Божа Матір: [Про встановлення колони Божої Матері - святині , яка колись обороняла наших мешканців м.Рівного , на розі вул. 16 Липня і Соборної] | ||
| 300 | _aС.10 | ||
| 955 | _a0 | ||
| 773 | 0 |
_w0 _tСім днів _dРівне _d2003 _g№29/18 лип./ |
|
| 650 | 7 |
_aКраєзнавча робота _2UDC |
|
| 999 |
_c301476 _d301476 |
||